Za novú ekonomickú kvalitu česko-slovenskej federácie 6 K tvorbe politicko-strategického programu Slovenska a Matice v ňom. Návrh politickej koncepcie
Salvato in:
| Autore principale: | |
|---|---|
| Natura: | Libro |
| Lingua: | slovacco |
| Pubblicazione: |
Bratislava
Nezes
1991
|
| Edizione: | 1. vyd. |
| Soggetti: | |
| Tags: |
Nessun Tag, puoi essere il primo ad aggiungerne!!
|
MARC
| LEADER | 00000nam a2200000 4500 | ||
|---|---|---|---|
| 001 | c002821 | ||
| 005 | 20221214101756.6 | ||
| 041 | 0 | |a slo | |
| 044 | |a SK | ||
| 245 | 1 | 0 | |a Za novú ekonomickú kvalitu česko-slovenskej federácie 6 |b K tvorbe politicko-strategického programu Slovenska a Matice v ňom. Návrh politickej koncepcie |c Hvezdoň D. Kočtúch |
| 250 | |a 1. vyd. | ||
| 264 | 1 | |a Bratislava |b Nezes |c 1991 | |
| 300 | |a 40 s. | ||
| 610 | 2 | 0 | |a Slovensko |
| 610 | 2 | 0 | |a ČSFR |
| 610 | 2 | 0 | |a politika |
| 610 | 2 | 0 | |a 1991 |
| 610 | 2 | 0 | |a demokracia |
| 610 | 2 | 0 | |a história |
| 610 | 2 | 0 | |a spoločnosť industriálna |
| 610 | 2 | 0 | |a politika hospodárska |
| 610 | 2 | 0 | |a spoločnosť informačná |
| 610 | 2 | 0 | |a Matica slovenská |
| 610 | 2 | 0 | |a hnutie politické |
| 610 | 2 | 0 | |a decentralizácia |
| 610 | 2 | 0 | |a kultúra |
| 100 | 1 | |a Kočtúch, Hvezdoň Dušan | |